| 000 | 00634nam a2200217Ia 4500 | ||
|---|---|---|---|
| 003 | GCL | ||
| 008 | 140319s9999 xx 000 0 ara d | ||
| 040 |
_aGCL / _cGCL |
||
| 082 | 0 | 4 |
_a346.07 _bم ا |
| 100 | 1 | _aمدحت محمد الحسينى | |
| 245 | 1 | 0 |
_aالافلاس / _cمدحت محمد الحسينى |
| 260 |
_a[S.N] : _bدار المطبوعات الجامعية ، _c1993 |
||
| 300 | _a394 ص | ||
| 490 | _a | ||
| 650 | 0 | 4 | _aالقانون |
| 650 | 0 | 4 | _aالافلاس |
| 650 | 0 | 4 | _aالشيكات |
| 650 | 0 | 4 | _aالقانون التجارى |
| 650 | 0 | 4 | _aالحراسة على الاموال |
| 942 |
_2ddc _cBK |
||
| 999 |
_c27700 _d27700 |
||